Biblical foundations for small group ministry : (Record no. 4906)

MARC details
000 -LEADER
fixed length control field 00790pam a2200253 a 4500
001 - CONTROL NUMBER
control field 28890890
003 - CONTROL NUMBER IDENTIFIER
control field OCoLC
005 - DATE AND TIME OF LATEST TRANSACTION
control field 20181217185420.0
008 - FIXED-LENGTH DATA ELEMENTS--GENERAL INFORMATION
fixed length control field 930901s1994 ilu b 000 0 eng
010 ## - LIBRARY OF CONGRESS CONTROL NUMBER
LC control number 93032390
020 ## - INTERNATIONAL STANDARD BOOK NUMBER
International Standard Book Number 0830817719 (alk. paper)
035 ## - SYSTEM CONTROL NUMBER
System control number .b10650441
040 ## - CATALOGING SOURCE
Original cataloging agency DLC
Transcribing agency DLC
Modifying agency OCoLC
050 00 - LIBRARY OF CONGRESS CALL NUMBER
Classification number BV652.2
Item number .I34 1994
082 ## - DEWEY DECIMAL CLASSIFICATION NUMBER
Classification number 253.7
Item number IC15B
100 1# - MAIN ENTRY--PERSONAL NAME
Personal name Icenogle, Gareth Weldon,
Dates associated with a name 1949-
245 10 - TITLE STATEMENT
Title Biblical foundations for small group ministry :
Remainder of title an integrative approach /
Statement of responsibility, etc. Gareth Weldon Icenogle
260 ## - PUBLICATION, DISTRIBUTION, ETC.
Place of publication, distribution, etc. Downers Grove, Ill. :
Name of publisher, distributor, etc. InterVarsity Press,
Date of publication, distribution, etc. c1994
300 ## - PHYSICAL DESCRIPTION
Extent 396 p. ;
Dimensions 23 cm
504 ## - BIBLIOGRAPHY, ETC. NOTE
Bibliography, etc. note Includes bibliographical references (p. [375]-396)
650 #0 - SUBJECT ADDED ENTRY--TOPICAL TERM
Topical term or geographic name entry element Church group work
650 #0 - SUBJECT ADDED ENTRY--TOPICAL TERM
Topical term or geographic name entry element Small groups in the Bible
942 ## - ADDED ENTRY ELEMENTS (KOHA)
Source of classification or shelving scheme Dewey Decimal Classification
Koha item type Books

No items available.


OPAC Designed and Maintained by HMC Library Team.
Copyright © HMC Library,Greater Noida, UP.
For any Suggestions/Query Contact library via Email:libhmc@gmail.com